BIBLIOTHÈQUE DE LA MAISON DU MEXIQUE

Logo 1 Logo 2

Arte y plegaria en las lenguas indígenas de México (notice nᵒ 8806)

détails MARC
000 -Sello discográfico
campo de control de longitud fija 00966nam a2200313 4500
005 - Identificación de versión
campo de control 20251016082130.0
010 ## - Número Estándar Internacional de Libros (ISBN)
Número (ISBN) 968-16-5961-9
035 ## - Otros números de control del sistema
Número de control del sistema 29690
099 ## - fechas locales
Tipo de ítem Koha LIBRO
100 ## - Datos de procesamiento general
Datos de procesamiento general 20021205d1999 m y1spay5003 ba
105 ## - Campo de datos codificados: Material textual, monográfico
Datos codificados de monografía a 001zy
200 1# - Título y mención de responsabilidad
Título propio Arte y plegaria en las lenguas indígenas de México
Designación general del material texto impreso
Primer mención de responsabilidad Carlos Montemayor
205 ## - Declaración de edición
Declaración de edición 1a ed
210 ## - Publicación, distribución, etc.
Lugar de publicación, distribución, etc. México
Nombre del editor, distribuidor, etc. Fondo de Cultura Económica
Fecha de publicación, distribución, etc. 1999
215 ## - Descripción física
Designación de material específico y extensión del ítem 147 p
Otras características físicas il.
Dimensiones 21 cm
345 ## - Nota de información de adquisición
Fuente de adquisición/dirección de la suscripción [OBSOLETO] Donación
410 #1 - Series
Título Sección de Obras de Antropología
606 ## - Término temático usado como materia
Elemento de entrada Indios de México
Subdivisión temática Ritos y ceremonias
Número Koha 808
606 ## - Término temático usado como materia
Elemento de entrada Tradición oral
Subdivisión geográfica México
Número Koha 999
660 ## - Código de área geográfica
Código MX
700 ## - Nombre personal - Responsabilidad primaria
Elemento de entrada Montemayor Romo de Vivar
Parte del nombre distinta del elemento de entrada Carlos
Fechas 1947-2010
Número Koha 646
801 #0 - Fuente de origen
Agencia cm
900 ## -
-- 1/3126
900 ## -
-- 7100214916\051202
942 ## - ELEMENTOS DE ENTRADA SECUNDARIOS (KOHA)
Tipo de ítem Koha Livre
996 ## -
-- MEX
-- 751145101
-- MMAG
-- 008807
-- 398.21 M777AR
-- 20231020LIV
Exemplaires
Estatus retirado Estado de daño Estado de pérdida Fecha de adquisición Biblioteca de origen Biblioteca actual Ubicación en estantería Código de barras Precio de reemplazo Signatura topográfica completa No para préstamo Tipo de ítem Koha Nota pública Nota no pública
      05/08/2025 Casa México Paris Casa México Paris   008807 05/08/2025 398.21 M777AR   Livre 20231020LIV 751145101